<?xml version="1.0" encoding="UTF-8"?>
<record
    xmlns:xsi="http://www.w3.org/2001/XMLSchema-instance"
    xsi:schemaLocation="http://www.loc.gov/MARC21/slim http://www.loc.gov/standards/marcxml/schema/MARC21slim.xsd"
    xmlns="http://www.loc.gov/MARC21/slim">

  <leader>02773agaaa2200337   4500</leader>
  <controlfield tag="001">7090</controlfield>
  <controlfield tag="003">IT-RoPAU</controlfield>
  <controlfield tag="005">20220918181225.0</controlfield>
  <controlfield tag="007">d cvaizq</controlfield>
  <controlfield tag="008">50131s9999||||xx ||| |     ||   ||und||</controlfield>
  <datafield tag="040" ind1=" " ind2=" ">
    <subfield code="a">IT-RoPAU</subfield>
    <subfield code="c">IT-RoPAU</subfield>
  </datafield>
  <datafield tag="041" ind1=" " ind2=" ">
    <subfield code="a">ITALIANO</subfield>
  </datafield>
  <datafield tag="100" ind1=" " ind2=" ">
    <subfield code="a">Griffith David Wark</subfield>
    <subfield code="g">Codice regista SPICS: 13319</subfield>
    <subfield code="9">37966</subfield>
  </datafield>
  <datafield tag="130" ind1=" " ind2=" ">
    <subfield code="a">NASCITA DI UNA NAZIONE</subfield>
    <subfield code="9">37967</subfield>
  </datafield>
  <datafield tag="240" ind1=" " ind2=" ">
    <subfield code="a">BIRTH OF A NATION (THE)</subfield>
    <subfield code="g">T2386</subfield>
  </datafield>
  <datafield tag="245" ind1=" " ind2=" ">
    <subfield code="a">NASCITA DI UNA NAZIONE</subfield>
    <subfield code="c">Prodotto da: Griffith David W. -- Sceneggiatura: Dixon Jr. Thomas F. Griffith David Wark Woods Frank E. -- Diretto da: Griffith David Wark</subfield>
    <subfield code="p">NASCITA DI UNA NAZIONE (Rif. Codice opera principale : H7090)</subfield>
  </datafield>
  <datafield tag="246" ind1=" " ind2=" ">
    <subfield code="a">BIRTH OF A NATION (THE)</subfield>
  </datafield>
  <datafield tag="250" ind1=" " ind2=" ">
    <subfield code="a">Edizione Standard</subfield>
  </datafield>
  <datafield tag="260" ind1=" " ind2=" ">
    <subfield code="a">(USA)</subfield>
    <subfield code="b">EPOCH PRODUCING CORPORATION / Distribuzione: LIBRERIA SSP ROMA</subfield>
    <subfield code="g">"1915 (1&#xB0; ed.: 2006 ; Ed. Lingua Orig.: 1915)"</subfield>
  </datafield>
  <datafield tag="300" ind1=" " ind2=" ">
    <subfield code="a">DVD</subfield>
    <subfield code="b">muto, b&amp;w</subfield>
    <subfield code="c">165 minuti</subfield>
  </datafield>
  <datafield tag="508" ind1=" " ind2=" ">
    <subfield code="a">"Fotografia: Bitzer G.W.; Montaggio: Griffith D.W. Henabe; Musica: Breil Joseph Carl; Sceneggiatura: Dixon Jr. Thomas F. Griffith David Wark Woods Frank E.; "</subfield>
  </datafield>
  <datafield tag="511" ind1=" " ind2=" ">
    <subfield code="a">"Gish Gillian; Marsh Mae; Walthall Henry; B.; Cooper Miriam; Alden Mary; Aitken Spottis"</subfield>
  </datafield>
  <datafield tag="520" ind1=" " ind2=" ">
    <subfield code="a">"INTORNO ALL'ANNO 1860 CAMERON, RICCO LATIFONDISTA, VIVE NELLA CAROLINA DELSUD ASSIEME ALLA MOGLIE E AI FIGLI. UN SUO AMICO NORDISTA, STONEMAN, DEPUTATO ALLA CAMERA, CONCEDE LA FIGLIA ELSIE A BEN, PRIMOGENITO DI CAMERON, DETTO IL PICCOLO COLONNELLO. QUANDO SCOPPIA LA GUERRA CIVILE AMERICANA, LE DUEFAMIGLIE AMICHE SI TROVANO SU FRONTI OPPOSTI. IL RITORNO DELLA PACE NON BASTERA' A CALMARE GLI ANIMI: IL PRESIDENTE LINCOLN VIENE ASSASSINATO MENTRE IL SUD SCONFITTO E' IN MANO AD AFFARISTI DEL NORD SENZA SCRUPOLI E A NERI VIOLENTI E IGNORANTI. CAMERON PER DIFENDERE LA CIVILTA' DEI BIANCHI NELLA PROPRIA TERRA, CONTRIBUISCE ALLA FONDAZIONE DEL KU-KLUX-KLAN, CHE RIPORTERA' LA PACE E L'ARMONIA. CONSIDERATO UNA TAPPA FGONDAMENTALE NELLA STORIA DEL CINEMA PER LE SUE MIRABOLANTI INNOVAZIONI (MONTAGGIO PARALLELO, PRIMI PIANI,EFFETTI FOTOGRAFICI, SCENE DI MASSA) IL FILM VENNE CONTESTATO DURAMENTE PER LE SUE TESI RAZZISTE. CONTRIBUTI EXTRA: BIOGRAFIA, FILMOGRAFIA E CURIOSITA' SU DAVID W. GRIFFITH; L'EPOPEA DI GRIFFITH; SINOSSI, NOTE E CURIOSITA' SUL FILM; BIBLIOGRAFIA, FILMOGRAFIA E CURIOSITA' SU LILLIAN GISH; NASCITA DIUNA NAZIONE E IL CINEMA STORICO."</subfield>
  </datafield>
  <datafield tag="538" ind1=" " ind2=" ">
    <subfield code="a">PAL, STEREO</subfield>
  </datafield>
  <datafield tag="546" ind1=" " ind2=" ">
    <subfield code="a">ITALIANO</subfield>
  </datafield>
  <datafield tag="650" ind1=" " ind2=" ">
    <subfield code="a">DRAMMATICO-MUTO</subfield>
    <subfield code="e">DVD-FILM [DVD]</subfield>
    <subfield code="x">Codice MATERIA SPICS: 9947</subfield>
    <subfield code="9">37968</subfield>
  </datafield>
  <datafield tag="700" ind1=" " ind2=" ">
    <subfield code="a">Breil Joseph Carl</subfield>
    <subfield code="e">(musica)</subfield>
    <subfield code="g">Codice Musica SPICS: 58799</subfield>
    <subfield code="9">37969</subfield>
  </datafield>
  <datafield tag="700" ind1=" " ind2=" ">
    <subfield code="a">Dixon Thomas Jr. </subfield>
    <subfield code="e">(soggetto)</subfield>
    <subfield code="g">Codice Soggetto SPICS: 1092</subfield>
    <subfield code="9">37970</subfield>
  </datafield>
  <datafield tag="700" ind1=" " ind2=" ">
    <subfield code="a">Griffith David Wark </subfield>
    <subfield code="e">(regista)</subfield>
    <subfield code="g">Codice regista SPICS: 13319</subfield>
    <subfield code="9">37971</subfield>
  </datafield>
  <datafield tag="942" ind1=" " ind2=" ">
    <subfield code="c">DV</subfield>
    <subfield code="2">ddc</subfield>
  </datafield>
  <datafield tag="999" ind1=" " ind2=" ">
    <subfield code="c">104841</subfield>
    <subfield code="d">104841</subfield>
  </datafield>
  <datafield tag="952" ind1=" " ind2=" ">
    <subfield code="0">0</subfield>
    <subfield code="1">0</subfield>
    <subfield code="4">0</subfield>
    <subfield code="6">H_7090_000000000000000</subfield>
    <subfield code="7">1</subfield>
    <subfield code="a">SPICS</subfield>
    <subfield code="b">SPICS</subfield>
    <subfield code="d">2015-01-31</subfield>
    <subfield code="l">0</subfield>
    <subfield code="o">H7090</subfield>
    <subfield code="r">2015-01-31 00:00:00</subfield>
    <subfield code="w">2015-01-31</subfield>
    <subfield code="y">DV</subfield>
    <subfield code="z">Progr. Ins.: 3505 / N.Vol.:1 / Copie: 1 / Pag.:0 / Copia rara: n.d. / date import: 1.2.2015 / By Epidotti, Trombetti, Vaglietti</subfield>
  </datafield>
</record>
